| 000 | 00459nam a2200157Ia 4500 | ||
|---|---|---|---|
| 003 | IQ-KOUCL | ||
| 041 | _aArabic | ||
| 082 | _a340,1 cut-89 ع | ||
| 100 | _a20260118u\\\\\\\\\\\y0engy0103\\\\ba | ||
| 100 | _aپشتیوان علی عبدالقادر | ||
| 245 | 0 | _aالقانون الدولي العام بحوث علمية مختارة | |
| 250 | _aط1 | ||
| 260 |
_bمطبعة شهاب _aاربيل - العراق _c2008 |
||
| 300 | _a238 | ||
| 942 | _cBk | ||
| 999 |
_c186695 _d186695 |
||